Most Common Town/City names in the U.S. - Statistics

General Stats
  • This quiz has been taken 849 times
  • The average score is 3 of 15
Answer Stats
Answer % Correct
2. Springfield 25
78%
T4. Washington 20
63%
9. Jackson 17
50%
T6. Madison 19
34%
8. Salem 18
26%
3. Franklin 24
20%
1. Greenville 42
18%
T4. Clinton 20
8%
T10. Lexington 16
8%
T12. Burlington 15
7%
T10. Auburn 16
4%
T12. Hudson 15
3%
T6. Marion 19
2%
T12. Milton 15
2%
T12. Mount Vernon 15
2%
No matching quizzes found
Score Distribution
Percent of People with Each Score
Percentile by Number Answered
Your Score History
You have not taken this quiz